| 000 | 00823nam a2200253 a 4500 | ||
|---|---|---|---|
| 001 | 55418 | ||
| 003 | BD-RjUL | ||
| 005 | 20211209080249.0 | ||
| 008 | 161117s1963 enkh 000 0 eng | ||
| 020 |
_a0701109084 : _c£2.00 |
||
| 035 | _a(BD-RjUL)55541 | ||
| 040 |
_aDLC _cDLC _dBD-RjUL _beng |
||
| 041 | _aeng | ||
| 082 | 0 | 0 |
_a821.9 _223 _bCOL 1963 |
| 245 | 1 | 4 |
_aThe collected poems of Wilfred Owen / _cedited with an introd. and notes by C. Day Lewis, and with a memoir by Edmund Blunden. |
| 260 |
_aLondon : _bChatto & Windus, _cc1963 |
||
| 300 |
_ax, 191 p. : _bill. ; _c23 cm. |
||
| 650 | 0 |
_aWorld War, 1914-1918 _xPoetry. _9165087 |
|
| 700 | 2 |
_aDay Lewis, C. _q(Cecil), _d1904-1972. _9165088 |
|
| 700 | 1 |
_aBlunden, Edmund, _d1896-1974. _9165089 |
|
| 942 |
_2ddc _cBK |
||
| 999 |
_c55418 _d55418 |
||